[Event "Airthings Masters KO 2020"]
[Site "Online"]
[Date "2021.01.01"]
[Round "3.2"]
[White "Dubov, Daniil"]
[Black "Vachier-Lagrave, Maxime"]
[Result "1-0"]
[WhiteElo "2699"]
[BlackElo "2784"]
[Annotator "TA"]
[PlyCount "117"]
[EventDate "2020.12.26"]
[EventType "k.o."]
[EventCountry "NET"]
[SourceTitle "playchess.com"]
[Source "ChessBase"]
[SourceQuality "1"]

{[%evp 16,117,19,19,20,0,17,22,40,27,54,37,52,40,40,29,44,37,45,23,48,17,42,0,0,0,0,-13,0,-8,26,12,70,31,31,31,44,57,89,75,105,106,109,46,50,13,50,56,87,95,158,155,162,165,163,165,188,162,210,141,213,213,211,165,222,212,210,208,199,185,231,218,308,291,651,647,645,592,656,647,661,618,625,642,633,611,654,538,590,562,617,606,577,552,883,878,1168,1007,3119,2857,2280,2158,7231,6713]} 1. e4 c5 2. Nf3 d6 3. Bb5+ Bd7 4. Bxd7+ Qxd7 5. c4 Nf6 6. Nc3 g6 7. O-O Bg7 8. d4 cxd4 9. Nxd4 O-O {B52: Sicilian: Moscow Variation with 3...Bd7.} 10. Be3 Rc8 11. b3 {[#]} Ng4 $146 {The position is equal.} ({Predecessor:} 11... a6 12. a4 Nc6 13. f3 e6 14. Rc1 d5 15. cxd5 exd5 16. Nxc6 bxc6 17. e5 Ne8 18. f4 f6 19. Bc5 fxe5 20. fxe5 Nc7 21. Ne4 Bxe5 22. Ng5 Re8 23. Rf7 Qd8 24. Qg4 h5 25. Qh4 Ne6 26. Be3 Nxg5 27. Bxg5 Qb6+ {0-1 (27) Bojkov,D (2523)-Gaponenko,I (2422) Reykjavik 2008}) 12. Bg5 h6 13. Bh4 Nc6 14. Nxc6 bxc6 ({Don't blunder} 14... Qxc6 $2 15. Nd5 $18) 15. Qd2 g5 16. Bg3 Qe6 17. Rac1 Rd8 18. h3 Ne5 19. Qe2 Ng6 20. Rfe1 Be5 21. Nd1 Bxg3 22. fxg3 Qe5 23. Ne3 e6 (23... Qxe4 $11 24. Qf1 Qd4) 24. Qf2 h5 25. Rcd1 Qh8 26. Rd2 Rd7 27. Red1 Rad8 28. c5 $1 {[%cal Rd2d6]} d5 {[#]} 29. Nc4 $1 {[%mdl 512]} h4 $14 30. Nd6 {[%cal Re4d5]} hxg3 31. Qxg3 Qh4 {White now steadily converts the win.} 32. Qc3 g4 ({Better is} 32... Nf4) 33. exd5 $16 cxd5 {[#]} 34. Rd4 $1 {[%cal Rd4g4]} Qh8 35. hxg4 Qe5 36. Re1 Qg7 37. b4 Rxd6 (37... Ne5 $16 {was necessary.}) 38. cxd6 $18 Rxd6 39. b5 a6 (39... Qf6 $142 40. Rd3 Qd8) 40. a4 axb5 41. axb5 Rb6 42. Rb1 Qe5 43. Qd2 Kg7 (43... Qb8 {keeps fighting.} 44. Rdb4 Qd6) 44. Qf2 Qf6 $2 (44... Qc7 45. Ra4 Qb7) 45. Ra4 {White is clearly winning.} Qxf2+ 46. Kxf2 {[%mdl 4096] Endgame KRR-KRN} Ne5 47. Ke3 Rb7 48. Kd4 Nd7 49. Ra6 Kf6 50. Rc6 Ke7 51. g5 Nb8 52. Kc5 Nd7+ {[#]} 53. Kb4 $1 Ne5 54. Ra6 Nd3+ 55. Ka5 Ne5 56. b6 Nc6+ 57. Kb5 Kd6 58. Ra8 e5 59. Rc1 {Weighted Error Value: White=0.12/Black=0.30} 1-0